Choisis la bonne orthographe - Célébrités - Statistiques

Statistiques générales
  • Ce quiz a été pris 212 fois
  • Le résultat moyen est 13 sur 15
Statistiques - réponses
Question Réponse % Correct
Quelle est la bonne orthographe du nom de cette chanteuse américaine ? Beyoncé
97%
Quelle est la bonne orthographe du nom de cet ancien footballeur ? Zinédine Zidane
97%
Quelle est la bonne orthographe du nom de ce chanteur canadien ? Justin Bieber
96%
Quelle est la bonne orthographe du nom de ce célèbre chanteur ? Jean-Jacques Goldman
95%
Quelle est la bonne orthographe du nom de cet acteur américain ? Tom Cruise
95%
Quelle est la bonne orthographe du nom de cette influenceuse et businesswoman ? Kim Kardashian
94%
Quelle est la bonne orthographe du nom de ce rappeur américain ? Kanye West
92%
Quelle est la bonne orthographe du nom de cette chanteuse britannique ? Dua Lipa
91%
Quelle est la bonne orthographe du nom de ce célèbre réalisateur ? Quentin Tarantino
86%
Quelle est la bonne orthographe du nom de cet acteur britannique ? Benedict Cumberbatch
84%
Quelle est la bonne orthographe du nom de cette actrice française ? Marion Cotillard
84%
Quelle est la bonne orthographe du nom de ce footballeur suédois ? Zlatan Ibrahimović
80%
Quelle est la bonne orthographe du nom de cet acteur américain ? Leonardo DiCaprio
78%
Quelle est la bonne orthographe du nom de ce compositeur autrichien ? Wolfgang Amadeus Mozart
78%
Quelle est la bonne orthographe du nom de cet écrivain russe ? Fiodor Dostoïevski
28%
Aucun quiz correspondant
Distribution des résultats
% des personnes avec chaque résultat
Percentile par nombre de réponses
Votre historique - résultats
Vous n’avez pas pris ce quiz